| 000 | 01395 a2200241 4500 | ||
|---|---|---|---|
| 005 | 2008092200250.0 | ||
| 008 | 080922t xxu||||| |||| 00| 0 hin d | ||
| 010 | _aHIN-81215 | ||
| 020 |
_a8186425403 _c450.00 |
||
| 035 | _aHN-53561 | ||
| 037 | _bD.B.Act / Pub | ||
| 082 | _aउ | ||
| 100 | _aमेंदोसा, एदुआर्दो | ||
| 245 |
_aसावोल्ता केस की हकीकतः(ला वेरदाद सोबरे एल सावोला का मूल स्पेनी से अनुवाद) _cएदुआर्दो मेंदोसा ;अनुवाद सव्यसाची मिश्र |
||
| 260 |
_aनई दिल्ली _bकॉनफ्लुएंस इंटरनेशनल _c2006 |
||
| 270 |
_a203 / ई -588 , ग्रेटर कैलाश-11 _bनई दिल्ली _e110048 _k91-11-29216832 _mconfluence@connectgroup.in |
||
| 300 |
_a459पृ _c23 सेमी(सजिल्द) |
||
| 650 | _aहिन्दी उपन्यास | ||
| 650 | _aHindi Novel | ||
| 700 | _aमिश्र, सव्यसाची | ||
| 942 |
_adpl _cHN _kउ / मेंदोसा _2ddc _hउ _m मेंदोसा |
||
| 999 |
_c8067 _d8067 |
||